| 000 | 00530nam a22001697a 4500 | ||
|---|---|---|---|
| 003 | BD-ChCU | ||
| 005 | 20260114145109.0 | ||
| 008 | 260114b bg ||||| |||| 00| 0 ben d | ||
| 040 | _cBD-ChCU | ||
| 082 | _a297.09 SUR | ||
| 100 |
_aSultanul ALam Choudhury, A. B. M. _919252 |
||
| 245 |
_aThe religious and cultural history of Islam. Part 1 (religious institutions).// _c Sultanul Alam Chludhury A. B. M. |
||
| 260 |
_aChittagong. _bHusainia Library _c1960 |
||
| 300 | _av. 119p | ||
| 650 | 0 |
_aIslam _919254 |
|
| 942 |
_2ddc _cBK _n0 |
||
| 999 |
_c111048 _d111048 |
||